[Event "Wch U18 Girls"]
[Site "Porto Carras"]
[Date "2018.10.23"]
[Round "5"]
[White "Booysen, Elda"]
[Black "Greibrokk, Ingrid Andrea"]
[Result "1-0"]
[WhiteElo "1452"]
[BlackElo "2018"]
[PlyCount "101"]
[EventDate "2018.10.20"]
[EventType "swiss"]
[EventRounds "11"]
[EventCountry "GRE"]
[SourceTitle "CBM 187 Extra"]
[Source "ChessBase"]
[SourceDate "2018.11.04"]
[SourceVersion "1"]
[SourceVersionDate "2018.11.04"]
[SourceQuality "1"]

1. e4 c5 2. Nf3 d6 3. d4 cxd4 4. Nxd4 Nf6 5. Nc3 g6 6. Be3 Bg7 7. Be2 0-0 8. 0-0 Nc6 9. f3 Bd7 10. Bf2 Rc8 11. Qd2 Ne5 12. Rab1 a6 13. Rfc1 b5 14. a3 Nc4 15. Bxc4 Rxc4 16. b3 Rc5 17. Nde2 Rc8 18. Nd5 Nxd5 19. exd5 Qc7 20. c4 bxc4 21. bxc4 Rb8 22. Rb4 Qa5 23. c5 dxc5 24. Bxc5 Bf6 25. Nd4 Rfc8 26. Nc6 Bxc6 27. dxc6 Rxb4 28. Bxb4 Qe5 29. c7 Qd4+ 30. Qxd4 Bxd4+ 31. Kf1 Bb6 32. Rc6 Bd4 33. Bxe7 Be5 34. Bd8 Bxh2 35. Kf2 Be5 36. Ke3 Kf8 37. Ke4 Bg3 38. f4 Ke8 39. Ke5 h6 40. Ke4 a5 41. Kf3 Be1 42. Rc5 f6 43. Bxf6 Kf7 44. Bd8 Bd2 45. g3 Be1 46. Rc6 a4 47. Rf6+ Kg7 48. Rb6 Ba5 49. Rb8 Rxc7 50. Bxc7 Bxc7 51. Rb7 1-0

[Event "RSA-ch U16 Girls"]
[Site "Gauteng"]
[Date "2017.04.10"]
[Round "9"]
[White "Swart, Sune"]
[Black "Booysen, Elda"]
[Result "0-1"]
[WhiteElo "1117"]
[BlackElo "1489"]
[PlyCount "40"]
[EventDate "2017.04.05"]
[EventType "swiss"]
[EventRounds "11"]
[EventCountry "RSA"]
[SourceTitle "CBM 177 Extra"]
[Source "ChessBase"]
[SourceDate "2017.04.27"]
[SourceVersion "1"]
[SourceVersionDate "2017.04.27"]
[SourceQuality "1"]

1. c4 e6 2. Nc3 d5 3. e3 Nf6 4. d4 Bb4 5. Bd2 Nc6 6. Nf3 Bd7 7. cxd5 exd5 8. Be2 a6 9. Qb3 Be6 10. Rc1 0-0 11. 0-0 Ne4 12. Qc2 f5 13. a3 Bd6 14. Ne1 Qh4 15. f4 Nxd2 16. Qxd2 Na5 17. Nxd5 Nb3 18. Qc2 Nxc1 19. Nf3 Qd8 20. Rxc1 Bxd5 0-1

[Event "RSA-ch U16 Girls"]
[Site "Gauteng"]
[Date "2017.04.09"]
[Round "8"]
[White "Booysen, Elda"]
[Black "Van der Walt, Marelize"]
[Result "1/2-1/2"]
[WhiteElo "1489"]
[BlackElo "1063"]
[PlyCount "50"]
[EventDate "2017.04.05"]
[EventType "swiss"]
[EventRounds "11"]
[EventCountry "RSA"]
[SourceTitle "CBM 177 Extra"]
[Source "ChessBase"]
[SourceDate "2017.04.27"]
[SourceVersion "1"]
[SourceVersionDate "2017.04.27"]
[SourceQuality "1"]

1. e4 e5 2. Nf3 Nc6 3. d4 exd4 4. Nxd4 Nf6 5. Nc3 Bb4 6. Nxc6 bxc6 7. Bd3 0-0 8. 0-0 d5 9. exd5 cxd5 10. Ne2 h6 11. c3 Bd6 12. h3 c6 13. Nd4 c5 14. Nf5 Bxf5 15. Bxf5 c4 16. Be3 Bc7 17. Bd4 Bb6 18. Bxf6 Qxf6 19. Qxd5 Rfd8 20. Qf3 Rab8 21. Rad1 Rxd1 22. Rxd1 Qg5 23. Bc2 Qa5 24. Qe4 g6 25. Qxc4 Qe5 1/2-1/2

[Event "RSA-ch U16 Girls"]
[Site "Gauteng"]
[Date "2017.04.06"]
[Round "2"]
[White "Booysen, Elda"]
[Black "Dinham, Megan"]
[Result "0-1"]
[WhiteElo "1489"]
[BlackElo "1272"]
[PlyCount "84"]
[EventDate "2017.04.05"]
[EventType "swiss"]
[EventRounds "11"]
[EventCountry "RSA"]
[SourceTitle "CBM 177 Extra"]
[Source "ChessBase"]
[SourceDate "2017.04.27"]
[SourceVersion "1"]
[SourceVersionDate "2017.04.27"]
[SourceQuality "1"]

1. e4 c5 2. Nf3 d6 3. d4 cxd4 4. Nxd4 Nf6 5. Nc3 g6 6. Nf3 Nc6 7. Bg5 Bg7 8. e5 dxe5 9. Qxd8+ Nxd8 10. Nxe5 0-0 11. Nc4 Be6 12. Bd3 Rc8 13. Nd2 Nc6 14. 0-0 Rfd8 15. f4 Nb4 16. f5 Nxd3 17. fxe6 Nxb2 18. exf7+ Kxf7 19. Nde4 Nc4 20. Rab1 Nd6 21. Nxd6+ Rxd6 22. Ne4 Rd7 23. Rf2 Rc6 24. Re1 Kg8 25. Nxf6+ Bxf6 26. Bxf6 exf6 27. g3 Kf7 28. Re4 Rdc7 29. Rb4 b6 30. Rb2 Rc3 31. Kf1 Kg7 32. Ke1 R7c5 33. Kd2 Ra3 34. Kc1 Rca5 35. Kb1 Re3 36. c4 Rc3 37. Rfc2 Re3 38. Rd2 Re7 39. Rd3 Rc5 40. Rc2 Rcc7 41. Ra3 b5 42. Ra5 bxc4 0-1

[Event "RSA-ch U16 Girls"]
[Site "Gauteng"]
[Date "2017.04.06"]
[Round "3"]
[White "Wolmarans, Riekie"]
[Black "Booysen, Elda"]
[Result "1-0"]
[WhiteElo "1412"]
[BlackElo "1489"]
[PlyCount "65"]
[EventDate "2017.04.05"]
[EventType "swiss"]
[EventRounds "11"]
[EventCountry "RSA"]
[SourceTitle "CBM 177 Extra"]
[Source "ChessBase"]
[SourceDate "2017.04.27"]
[SourceVersion "1"]
[SourceVersionDate "2017.04.27"]
[SourceQuality "1"]

1. d4 d5 2. Bf4 c5 3. Nf3 Nc6 4. e3 Nf6 5. c3 Nh5 6. Bg3 Nxg3 7. hxg3 Qb6 8. Qb3 Qd8 9. Qc2 g6 10. Nbd2 Bg7 11. dxc5 e5 12. Nb3 Be6 13. Be2 d4 14. cxd4 exd4 15. Nfxd4 Nxd4 16. Nxd4 Bxd4 17. Qa4+ Bd7 18. Qxd4 0-0 19. Qh4 Qxh4 20. Rxh4 Rac8 21. Rc1 b6 22. Rd1 Be6 23. cxb6 axb6 24. b3 Ra8 25. Rd2 Rfc8 26. Bc4 Bf5 27. g4 Be4 28. f3 Bb1 29. a4 Rd8 30. Rxd8+ Rxd8 31. g5 Bc2 32. Rd4 Rxd4 33. exd4 1-0

[Event "RSA-ch U14 Girls"]
[Site "Waterkloof"]
[Date "2015.04.07"]
[Round "6"]
[White "Wolmarans, Riekie"]
[Black "Booysen, Elda"]
[Result "1-0"]
[WhiteElo "1302"]
[BlackElo "1451"]
[PlyCount "109"]
[EventDate "2015.04.04"]
[EventType "swiss"]
[EventRounds "9"]
[EventCountry "RSA"]
[SourceTitle "CBM 166 Extra"]
[Source "ChessBase"]
[SourceDate "2015.06.18"]
[SourceVersion "1"]
[SourceVersionDate "2015.06.18"]
[SourceQuality "1"]

1. d4 e6 2. e3 d5 3. f4 c5 4. c3 Nc6 5. Bd3 Qh4+ 6. g3 Qd8 7. Nf3 Nf6 8. 0-0 Bd7 9. Nbd2 Be7 10. b3 h5 11. Bb2 h4 12. Nxh4 e5 13. fxe5 Ng4 14. Qf3 Be6 15. Bf5 Bxf5 16. Nxf5 Nxh2 17. Nxg7+ Kd7 18. Qxd5+ Kc7 19. Qxf7 Kb8 20. Rf4 a6 21. Nf1 Nxf1 22. Raxf1 Qc8 23. Qf5 Qg8 24. Qf7 Qh7 25. Nh5 Qxh5 26. Qxh5 Rxh5 27. Kg2 Ka7 28. Ba3 Rah8 29. Kf3 cxd4 30. Bxe7 Nxe7 31. exd4 Nd5 32. Rc1 Nxf4 33. gxf4 Kb6 34. Ke4 Kc6 35. a4 Rf8 36. Rf1 Rhf5 37. b4 b6 38. c4 b5 39. d5+ Kb6 40. c5+ Kc7 41. a5 Kd7 42. Rf3 Kd8 43. c6 Kc7 44. Rf2 Kc8 45. e6 Kc7 46. e7 Rxf4+ 47. Rxf4 Re8 48. Rf7 Kd6 49. Rf6+ Kc7 50. Re6 Kc8 51. d6 Kb8 52. d7 Rh8 53. d8Q+ Rxd8 54. exd8Q+ Ka7 55. Re7# 1-0

[Event "RSA-ch U14 Girls"]
[Site "Waterkloof"]
[Date "2015.04.04"]
[Round "1"]
[White "Booysen, Elda"]
[Black "Dinham, Megan"]
[Result "1-0"]
[WhiteElo "1451"]
[BlackElo "1144"]
[PlyCount "71"]
[EventDate "2015.04.04"]
[EventType "swiss"]
[EventRounds "9"]
[EventCountry "RSA"]
[SourceTitle "CBM 166 Extra"]
[Source "ChessBase"]
[SourceDate "2015.06.18"]
[SourceVersion "1"]
[SourceVersionDate "2015.06.18"]
[SourceQuality "1"]

1. e4 e5 2. Nf3 Nc6 3. d4 exd4 4. Nxd4 Nf6 5. Nc3 Bb4 6. Nxc6 bxc6 7. Bd2 0-0 8. Bd3 Re8 9. 0-0 Bxc3 10. Bxc3 Nxe4 11. Bd4 d6 12. Re1 Nf6 13. Bxf6 Rxe1+ 14. Qxe1 gxf6 15. Qe4 f5 16. Qxc6 Bd7 17. Qf3 Rb8 18. Bxf5 Bxf5 19. Qxf5 Rxb2 20. Qg4+ Kf8 21. Qd4 Qb8 22. Re1 Kg8 23. Qd1 Qb4 24. a3 Qb5 25. h3 Qf5 26. Re8+ Kg7 27. Qd4+ Qf6 28. Rg8+ Kxg8 29. Qxf6 Rxc2 30. a4 a5 31. h4 Rc5 32. g4 Rc4 33. Qg5+ Kf8 34. h5 Rxa4 35. h6 Rb4 36. Qd8# 1-0

[Event "RSA-ch U14 Girls"]
[Site "Waterkloof"]
[Date "2015.04.04"]
[Round "2"]
[White "Vuso, Hlomisa"]
[Black "Booysen, Elda"]
[Result "1/2-1/2"]
[WhiteElo "1194"]
[BlackElo "1451"]
[PlyCount "54"]
[EventDate "2015.04.04"]
[EventType "swiss"]
[EventRounds "9"]
[EventCountry "RSA"]
[SourceTitle "CBM 166 Extra"]
[Source "ChessBase"]
[SourceDate "2015.06.18"]
[SourceVersion "1"]
[SourceVersionDate "2015.06.18"]
[SourceQuality "1"]

1. e4 e6 2. d4 d5 3. exd5 exd5 4. Nf3 c5 5. Nc3 Nc6 6. dxc5 d4 7. Ne4 Bxc5 8. Nxc5 Qa5+ 9. Qd2 Qxc5 10. Bd3 Nf6 11. Qe2+ Be6 12. Ng5 Qe7 13. Nxe6 fxe6 14. 0-0 0-0 15. Bc4 Rae8 16. Re1 Nd5 17. Bxd5 exd5 18. Qxe7 Rxe7 19. Rxe7 Nxe7 20. Bd2 Nc6 21. Rd1 a5 22. c3 b6 23. cxd4 Nxd4 24. Be3 Ne2+ 25. Kf1 d4 26. Bxd4 Nxd4 27. Rxd4 Rc8 1/2-1/2